Capital City of which Country? (North and Western Europe Edition) - Statistics

General Stats
  • This quiz has been taken 687 times
  • The average score is 21 of 24
Answer Stats
Hint Answer % Correct
Athens Greece
99%
Berlin Germany
98%
Amsterdam Netherlands
98%
Dublin Ireland
97%
Copenhagen Denmark
96%
London United Kingdom
96%
Brussels Belgium
95%
Helsinki Finland
95%
Paris France
95%
Rome Italy
95%
Lisbon Portugal
95%
Madrid Spain
95%
Oslo Norway
94%
Stockholm Sweden
93%
Reykjavik Iceland
92%
Vienna Austria
91%
Bern Switzerland
91%
A______ la Vella Andorra
87%
L_________ Luxembourg
79%
M_________ Monaco
77%
Valletta Malta
74%
V_________ Vatican City
74%
S_________ San Marino
73%
Vaduz Liechtenstein
64%
No matching quizzes found
Score Distribution
Percent of People with Each Score
Percentile by Number Answered
Your Score History
You have not taken this quiz